| 000 | 00594nam a2200157Ia 4500 | ||
|---|---|---|---|
| 008 | 100122s9999 xx 000 0 und d | ||
| 082 |
_b72428 _a181.4 |
||
| 100 | _aखाडिलकर नीलकंठ | ||
| 245 | _aयशस्वी कसे व्हाल?( श्रीकृष्ण) | ||
| 250 | _a2 | ||
| 260 |
_bनीलकंठ प्रकाशन _c2007 |
||
| 300 | _a143 | ||
| 630 | _aयशस्वी कसे व्हाल?( श्रीकृष्ण) | ||
| 730 | _aयशस्वी कसे व्हाल?( श्रीकृष्ण) | ||
| 942 | _cBOOK | ||
| 999 |
_c388310 _d388307 |
||